00688nam a2200169 a 450000500170000000800410001702000180005805000230007610000190009924501020011826000480022030000100026844000170027850000190029552001900031465000140050420140412111324.0000829s19uu xx 00 eng d a1-85697-331-X aREF 030bW872 1999 aSteele, Philip aI wonder why countries fly flags :band other questions about people and places /cPhilip Steele. aDanbury, Connecticut :bGrolier Inc,c1999. a32 p. aI wonder why aIncludes index aI Wonder Why Countries Fly Flags is jam-packed with fascinating facts about people and places, from 'Where do elephants glow in the dark?' to 'Which country speaks over 800 languages?'. aGeography